000 00897cam a22003011 4500
001 sa 68019491
003 DLC
005 20260227112718.0
008 890802s1966 ce b 000 0 sino
010 _asa 68019491
035 _a(OCoLC)20113357
040 _aDLC
_cWaU
_dDLC
042 _apremarc
043 _aa-ce---
050 0 0 _aJQ659.K33
_bD68
100 1 _aD' Oyly, John,
_cSir,
_d1744-1824.
245 1 0 _aSiṃhale āṇḍu kramaya piḷibanda luhunḍu saṭahan.
260 _c[1966]
300 _axx, 169 p.
_c26 cm.
500 _aIn Sinhalese.
504 _aIncludes bibliographical references.
610 1 0 _aKandy (Sri Lanka)
_tConstitution.
650 0 _aSinhalese language
_xGlossaries, vocabularies, etc.
651 0 _aSri Lanka
_xHistory
_xSources.
700 1 _aSomaratna, Ellepola H. M.,
_d1904-
700 1 _aSawers, Simon.
700 1 _aVimalananda, Tennakoon.
999 _c88920
_d88920